Famous People to Their Mother Tongue - Click Quiz - Statistics

General Stats
  • This quiz has been taken 250 times
  • The average score is 12 of 17
Answer Stats
Hint Answer % Correct
Criastiano Ronaldo Portuguese
92%
Yoko Ono Japanese
90%
Prophet Muhammad Arabic
86%
Jackie Chan Cantonese
85%
Moses Hebrew
82%
Coco Chanel French
81%
Nelson Mandela Xhosa
80%
Cleopatra Greek
70%
Alfred Nobel Swedish
69%
Melania Trump Slovene
68%
Nikola Tesla Serbo-Croatian
66%
Pope Francis Spanish
66%
Chinua Achebe Igbo
65%
Joseph Stalin Georgian
64%
Napoleon Bonaparte Italian/Corsican
62%
Mila Kunis Russian
62%
Marie Antoinette German
55%
No matching quizzes found
Score Distribution
Percent of People with Each Score
Percentile by Number Answered
Your Score History
You have not taken this quiz